Southville International School and Colleges
Your cart is empty.
  • Cart
  • Lists
    Public lists Eva Luna New books Lux_list list_1
    Your lists Log in to create your own lists
  • Log in to your account
  • Your cookies
  • Search history
Southville International School and Colleges
  • Advanced search
  • Recent comments
  • Most popular
  • Libraries

Log in to your account

Log in with GOOGLE


If you do not have an external account, but do have a local account, you can still log in:

  1. Home
  2. MARC view: The story of the ruby bridges /
Normal view MARC view ISBD view

The story of the ruby bridges / (Record no. 33900)

[ view plain ]
MARC details
000 -LEADER
fixed length control field 01572cam a2200409 a 4500
001 - CONTROL NUMBER
control field 13461122
003 - CONTROL NUMBER IDENTIFIER
control field OSt
005 - DATE AND TIME OF LATEST TRANSACTION
control field 20140310184348.0
008 - FIXED-LENGTH DATA ELEMENTS--GENERAL INFORMATION
fixed length control field 040116s2003 nyua j 000 1beng d
010 ## - LIBRARY OF CONGRESS CONTROL NUMBER
LC control number 2004266568
020 ## - INTERNATIONAL STANDARD BOOK NUMBER
International Standard Book Number 0439513626
035 ## - SYSTEM CONTROL NUMBER
System control number (OCoLC)ocm52113037
040 ## - CATALOGING SOURCE
Original cataloging agency UWB
Transcribing agency UWB
Modifying agency DLC
042 ## - AUTHENTICATION CODE
Authentication code lccopycat
043 ## - GEOGRAPHIC AREA CODE
Geographic area code n-us-la
050 ## - LIBRARY OF CONGRESS CALL NUMBER
Classification number F 379.N59
Item number .C693 2004
100 1# - MAIN ENTRY--PERSONAL NAME
Personal name Robert, Coles
9 (RLIN) 24939
245 10 - TITLE STATEMENT
Title The story of the ruby bridges /
Statement of responsibility, etc Robert Coles ; illistrated by George Ford.
246 3# - VARYING FORM OF TITLE
Title proper/short title Ruby Bridges
260 ## - PUBLICATION, DISTRIBUTION, ETC. (IMPRINT)
Place of publication, distribution, etc New York :
Name of publisher, distributor, etc Scholastic,
Date of publication, distribution, etc 2004
300 ## - PHYSICAL DESCRIPTION
Other physical details col. ill. ;
Dimensions 27 cm.
500 ## - GENERAL NOTE
General note "Cartwheel books"--Cover.
520 ## - SUMMARY, ETC.
Summary, etc Ruby Bridges was born during the time of segregation in the South. In 1960, she made history when she attended an all-white school. Follow her story and learn why we still celebrate her courage today.
521 ## - TARGET AUDIENCE NOTE
Target audience note
526 ## - STUDY PROGRAM INFORMATION NOTE
Reading level 730
541 ## - IMMEDIATE SOURCE OF ACQUISITION NOTE
--
600 10 - SUBJECT ADDED ENTRY--PERSONAL NAME
Personal name Bridges, Ruby
Form subdivision Juvenile literature.
9 (RLIN) 24940
650 #0 - SUBJECT ADDED ENTRY--TOPICAL TERM
Topical term or geographic name as entry element School integration
Geographic subdivision New Orleans
Form subdivision Juvenile literature.
9 (RLIN) 24941
650 #0 - SUBJECT ADDED ENTRY--TOPICAL TERM
Topical term or geographic name as entry element African Americans
Geographic subdivision Louisiana
-- New Orleans
Form subdivision Biography
-- Juvenile literature.
9 (RLIN) 24942
651 #0 - SUBJECT ADDED ENTRY--GEOGRAPHIC NAME
Geographic name New Orleans (La.)
General subdivision Race relations
Form subdivision Juvenile literature.
9 (RLIN) 24943
700 1# - ADDED ENTRY--PERSONAL NAME
Personal name Maccarone, Grace.
9 (RLIN) 5551
700 1# - ADDED ENTRY--PERSONAL NAME
Personal name Van Wright, Cornelius.
9 (RLIN) 24944
700 1# - ADDED ENTRY--PERSONAL NAME
Personal name Hu, Ying-Hwa.
9 (RLIN) 3768
906 ## - LOCAL DATA ELEMENT F, LDF (RLIN)
a 7
b cbc
c copycat
d 2
e ncip
f 20
g y-gencatlg
942 ## - ADDED ENTRY ELEMENTS (KOHA)
Source of classification or shelving scheme Library of Congress Classification
Koha item type
Holdings
Withdrawn status Lost status Source of classification or shelving scheme Damaged status Home library Current library Shelving location Date acquired Total Checkouts Full call number Barcode Date last seen Copy number Price effective from Koha item type
    Library of Congress Classification   Luxembourg Library Luxembourg Library Scholastic Reading Center Section 10/07/2013   F 379.N59 .C693 2004 LEX0261 04/18/2017 1 10/07/2013 Books

The story of the ruby bridges /

APA

Robert C., Maccarone G., Van Wright C. & Hu Y. (2004). The story of the ruby bridges. New York: Scholastic.

Chicago

Robert Coles, Maccarone Grace, Van Wright Cornelius and Hu Ying-Hwa. 2004. The story of the ruby bridges. New York: Scholastic.

Harvard

Robert C., Maccarone G., Van Wright C. and Hu Y. (2004). The story of the ruby bridges. New York: Scholastic.

MLA

Robert Coles, Maccarone Grace, Van Wright Cornelius and Hu Ying-Hwa. The story of the ruby bridges. New York: Scholastic. 2004.

  • Place hold
  • Print
  • Cite
  • Add to your cart (remove)
  • Save record
    BIBTEX Dublin Core MARCXML MARC (non-Unicode/MARC-8) MARC (Unicode/UTF-8) MARC (Unicode/UTF-8, Standard) MODS (XML) RIS
  • More searches
    Search for this title in:
    Other Libraries (WorldCat) Other Databases (Google Scholar) Online Stores (Bookfinder.com) Open Library (openlibrary.org)

Exporting to Dublin Core...

SOUTHVILLE LIBRARY

Southville International School and Colleges Library

1281 Tropical Ave. Cor. Luxembourg St., BF Homes International, Las Pinas City

Tel. No. 8256374 / 252358 Loc. 117/146

Powered by Koha